[Event "DEM U12w 2022"]
[Site "Willingen GER"]
[Date "2022.06.08"]
[Round "5"]
[White "Sickmann, Lisa"]
[Black "Dodul, Alice"]
[Result "1-0"]
[Termination "normal"]
[Board "1"]
[WhiteElo "1660"]
[BlackElo "1329"]
[WhiteClock "00:09:05"]
[BlackClock "00:14:58"]
[PlyCount "91"]
[WhiteFideId "16267818"]
[BlackFideId "34623817"]
[EventCountry "GER"]
[EventRounds "9"]
[EventType "swiss"]
[EventDate "2022.06.04"]

1. e4 {[%clk 01:30:57]} {[%emt 00:00:02]} e5 {[%clk 01:30:54]} {[%emt
00:00:07]} 2. Nf3 {[%clk 01:31:02]} {[%emt 00:00:25]} Nc6 {[%clk 01:31:14]}
{[%emt 00:00:11]} 3. Bb5 {[%clk 01:31:24]} {[%emt 00:00:07]} f5 {[%clk
01:31:35]} {[%emt 00:00:09]} 4. d3 {[%clk 01:31:23]} {[%emt 00:00:31]} fxe4
{[%clk 01:31:49]} {[%emt 00:00:15]} 5. dxe4 {[%clk 01:31:44]} {[%emt 00:00:09]}
Nf6 {[%clk 01:31:38]} {[%emt 00:00:42]} 6. O-O {[%clk 01:30:01]} {[%emt
00:02:13]} Bc5 {[%emt 00:03:48]} 7. Nc3 {[%clk 01:27:44]} d6 {[%clk 01:30:49]}
{[%emt 00:00:48]} 8. Qe2 {[%clk 01:21:54]} {[%emt 00:06:20]} Bg4 {[%clk
01:27:48]} {[%emt 00:03:31]} 9. Be3 {[%clk 01:21:45]} {[%emt 00:00:38]} Bb6
{[%clk 01:27:11]} {[%emt 00:01:08]} 10. Bxb6 {[%clk 01:17:18]} {[%emt
00:04:57]} axb6 {[%clk 01:26:41]} {[%emt 00:01:00]} 11. Qe3 {[%clk 01:10:59]}
{[%emt 00:06:49]} O-O {[%clk 01:24:42]} {[%emt 00:02:29]} 12. Bc4+ {[%clk
01:10:54]} {[%emt 00:00:36]} Kh8 {[%clk 01:24:26]} {[%emt 00:00:45]} 13. Ng5
{[%clk 01:06:44]} {[%emt 00:04:40]} Qe8 {[%clk 01:20:46]} {[%emt 00:04:10]} 14.
h3 {[%clk 01:03:59]} {[%emt 00:03:15]} Bd7 {[%clk 01:17:49]} {[%emt 00:03:28]}
15. Nb5 {[%clk 00:46:48]} {[%emt 00:17:40]} Rc8 {[%clk 01:14:40]} {[%emt
00:03:39]} 16. a4 {[%clk 00:36:47]} {[%emt 00:10:31]} h6 {[%clk 01:11:02]}
{[%emt 00:04:08]} 17. Nf3 {[%clk 00:35:46]} {[%emt 00:01:31]} Nh5 {[%clk
01:08:40]} {[%emt 00:02:52]} 18. Kh2 {[%clk 00:28:22]} {[%emt 00:07:54]} Nf4
{[%clk 01:05:33]} {[%emt 00:03:38]} 19. Nd2 {[%clk 00:20:42]} {[%emt 00:08:10]}
Qh5 {[%clk 01:01:22]} {[%emt 00:04:40]} 20. Qf3 {[%clk 00:19:40]} {[%emt
00:01:31]} Qg5 {[%clk 00:57:24]} {[%emt 00:04:28]} 21. Qg3 {[%clk 00:19:31]}
{[%emt 00:00:39]} Qf6 {[%clk 00:55:21]} {[%emt 00:02:33]} 22. Nc3 {[%clk
00:17:35]} {[%emt 00:02:28]} Nh5 {[%clk 00:53:20]} {[%emt 00:02:30]} 23. Qe3
{[%clk 00:16:51]} {[%emt 00:01:12]} Nd4 {[%clk 00:51:44]} {[%emt 00:02:07]} 24.
Nd5 {[%clk 00:15:48]} {[%emt 00:01:34]} Qd8 {[%clk 00:45:42]} {[%emt 00:06:32]}
25. Bb3 {[%clk 00:14:59]} {[%emt 00:01:20]} c6 {[%clk 00:43:42]} {[%emt
00:02:29]} 26. Nc3 {[%clk 00:15:13]} {[%emt 00:00:15]} Qh4 {[%clk 00:41:30]}
{[%emt 00:02:43]} 27. Ne2 {[%clk 00:14:34]} {[%emt 00:01:10]} Nxe2 {[%clk
00:39:20]} {[%emt 00:02:39]} 28. Qxe2 {[%clk 00:14:51]} Nf4 {[%clk 00:38:06]}
{[%emt 00:01:57]} 29. Qe3 {[%clk 00:15:03]} g5 {[%clk 00:35:05]} {[%emt
00:03:49]} 30. Qg3 {[%clk 00:14:25]} Qh5 {[%clk 00:34:00]} {[%emt 00:02:44]}
31. f3 {[%clk 00:12:30]} Qg6 {[%clk 00:30:44]} {[%emt 00:06:10]} 32. Nc4 {[%clk
00:12:29]} {[%emt 00:00:32]} b5 {[%clk 00:28:46]} {[%emt 00:02:28]} 33. Nb6
{[%clk 00:12:10]} {[%emt 00:00:48]} Rcd8 {[%clk 00:27:20]} {[%emt 00:01:57]}
34. Nxd7 {[%clk 00:12:27]} {[%emt 00:00:12]} Rxd7 {[%clk 00:27:37]} {[%emt
00:00:13]} 35. axb5 {[%clk 00:12:53]} {[%emt 00:00:05]} c5 {[%clk 00:23:23]}
{[%emt 00:04:43]} 36. Qg4 {[%clk 00:10:49]} {[%emt 00:02:32]} Re7 {[%clk
00:22:24]} {[%emt 00:01:32]} 37. Bc4 {[%clk 00:08:38]} {[%emt 00:02:40]} h5
{[%clk 00:17:46]} {[%emt 00:05:07]} 38. Qg3 {[%clk 00:08:32]} {[%emt 00:00:37]}
Ne6 {[%clk 00:16:28]} {[%emt 00:01:48]} 39. Bxe6 {[%clk 00:08:49]} {[%emt
00:00:13]} Rxe6 {[%clk 00:16:39]} {[%emt 00:00:19]} 40. Ra7 {[%clk 00:09:05]}
{[%emt 00:00:14]} Re7 {[%clk 00:16:05]} {[%emt 00:01:04]} 41. Rfa1 {[%clk
00:09:16]} {[%emt 00:00:18]} Qf6 {[%clk 00:15:42]} {[%emt 00:00:54]} 42. Ra8
{[%clk 00:08:50]} {[%emt 00:00:57]} Rxa8 {[%clk 00:14:50]} {[%emt 00:01:21]}
43. Rxa8+ {[%clk 00:08:39]} {[%emt 00:00:41]} Kg7 {[%clk 00:15:09]} {[%emt
00:00:11]} 44. h4 {[%clk 00:08:35]} {[%emt 00:00:34]} Kh6 {[%clk 00:14:49]}
{[%emt 00:00:50]} 45. hxg5+ {[%clk 00:08:43]} {[%emt 00:00:22]} Qxg5 {[%clk
00:14:58]} {[%emt 00:00:21]} 46. Rh8+ {[%clk 00:09:05]} {[%emt 00:00:08]} 1-0

[Event "DEM U12w 2022"]
[Site "Willingen GER"]
[Date "2022.06.08"]
[Round "5"]
[White "Huber, Laura"]
[Black "Burlutskaia, Maria"]
[Result "0-1"]
[Termination "normal"]
[Board "2"]
[WhiteElo "1340"]
[BlackElo "1408"]
[WhiteClock "00:03:43"]
[BlackClock "00:28:47"]
[PlyCount "62"]
[WhiteFideId "16270940"]
[BlackFideId "34607137"]
[EventCountry "GER"]
[EventRounds "9"]
[EventType "swiss"]
[EventDate "2022.06.04"]

1. e4 {[%clk 01:30:58]} e5 {[%clk 01:30:56]} {[%emt 00:00:04]} 2. Nf3 {[%clk
01:31:25]} {[%emt 00:00:04]} Nc6 {[%clk 01:31:23]} {[%emt 00:00:04]} 3. Bc4
{[%clk 01:31:49]} {[%emt 00:00:05]} Nf6 {[%clk 01:31:49]} {[%emt 00:00:04]} 4.
Ng5 {[%clk 01:31:07]} {[%emt 00:01:12]} d5 {[%clk 01:32:14]} {[%emt 00:00:05]}
5. exd5 {[%clk 01:30:59]} {[%emt 00:00:38]} Na5 {[%clk 01:32:38]} {[%emt
00:00:06]} 6. Bb5+ {[%clk 01:29:39]} {[%emt 00:01:50]} c6 {[%clk 01:33:03]}
{[%emt 00:00:05]} 7. dxc6 {[%clk 01:30:03]} {[%emt 00:00:05]} bxc6 {[%emt
00:00:07]} 8. Qf3 {[%clk 01:28:13]} {[%emt 00:02:18]} Be7 {[%clk 01:33:40]}
{[%emt 00:00:19]} 9. Bd3 {[%clk 01:23:43]} {[%emt 00:04:59]} O-O {[%clk
01:26:45]} {[%emt 00:07:25]} 10. O-O {[%clk 01:19:30]} {[%emt 00:04:44]} h6
{[%clk 01:20:49]} {[%emt 00:06:26]} 11. Ne4 {[%clk 01:18:44]} {[%emt 00:01:16]}
Nd5 {[%clk 01:20:56]} {[%emt 00:00:23]} 12. Ng3 {[%clk 00:55:05]} {[%emt
00:24:08]} Nb7 {[%clk 01:01:06]} {[%emt 00:20:21]} 13. Bf5 {[%clk 00:36:56]}
{[%emt 00:18:39]} Nd6 {[%clk 00:49:49]} {[%emt 00:11:47]} 14. Bxc8 {[%clk
00:34:07]} {[%emt 00:03:19]} Qxc8 {[%clk 00:47:27]} {[%emt 00:02:52]} 15. b3
{[%clk 00:26:54]} {[%emt 00:07:43]} f5 {[%clk 00:41:56]} {[%emt 00:06:01]} 16.
Bb2 {[%clk 00:24:29]} {[%emt 00:02:56]} e4 {[%clk 00:39:47]} {[%emt 00:02:38]}
17. Qd1 {[%clk 00:19:12]} {[%emt 00:05:46]} f4 {[%clk 00:38:28]} {[%emt
00:01:49]} 18. Nxe4 {[%clk 00:14:42]} {[%emt 00:05:00]} Nxe4 {[%clk 00:36:18]}
{[%emt 00:02:41]} 19. Re1 {[%clk 00:14:39]} {[%emt 00:00:33]} Nxf2 {[%clk
00:35:50]} {[%emt 00:00:57]} 20. Kxf2 {[%clk 00:11:15]} {[%emt 00:03:55]} Bh4+
{[%clk 00:35:01]} {[%emt 00:01:19]} 21. Kg1 {[%clk 00:09:53]} {[%emt 00:01:52]}
Bxe1 {[%clk 00:35:22]} {[%emt 00:00:09]} 22. Qxe1 {[%clk 00:10:21]} {[%emt
00:00:02]} f3 {[%clk 00:35:39]} {[%emt 00:00:12]} 23. Qg3 {[%clk 00:09:48]}
{[%emt 00:01:04]} f2+ {[%clk 00:35:29]} {[%emt 00:00:40]} 24. Kf1 {[%clk
00:09:52]} {[%emt 00:00:26]} Qd7 {[%clk 00:35:38]} {[%emt 00:00:21]} 25. Na3
{[%clk 00:09:02]} {[%emt 00:01:20]} Rae8 {[%clk 00:35:39]} {[%emt 00:00:28]}
26. Nc4 {[%clk 00:08:41]} {[%emt 00:00:52]} Nb4 {[%clk 00:32:52]} {[%emt
00:03:18]} 27. Ba3 {[%clk 00:07:11]} {[%emt 00:01:59]} Qd4 {[%clk 00:28:48]}
{[%emt 00:04:34]} 28. Bb2 {[%clk 00:05:39]} {[%emt 00:02:02]} Nxc2 {[%clk
00:28:38]} {[%emt 00:00:39]} 29. Ne3 {[%clk 00:03:15]} {[%emt 00:02:55]} Qxb2
{[%clk 00:28:21]} {[%emt 00:00:46]} 30. Nxc2 {[%clk 00:03:27]} {[%emt
00:00:18]} Qxa1+ {[%clk 00:28:47]} {[%emt 00:00:05]} 31. Nxa1 {[%clk 00:03:43]}
{[%emt 00:00:14]} Re1# {[%emt 00:00:25]} 0-1

[Event "DEM U12w 2022"]
[Site "Willingen GER"]
[Date "2022.06.08"]
[Round "5"]
[White "Bakó, Isabella"]
[Black "Trunz, Tamila"]
[Result "0-1"]
[Termination "normal"]
[Board "3"]
[WhiteElo "1247"]
[BlackElo "1474"]
[WhiteClock "01:09:44"]
[BlackClock "00:32:13"]
[PlyCount "71"]
[WhiteFideId "16287266"]
[BlackFideId "16267885"]
[EventCountry "GER"]
[EventRounds "9"]
[EventType "swiss"]
[EventDate "2022.06.04"]

1. e4 {[%clk 01:30:58]} {[%emt 00:00:01]} c5 {[%clk 01:30:32]} {[%emt
00:00:28]} 2. Nf3 {[%clk 01:31:16]} {[%emt 00:00:11]} e6 {[%clk 01:30:49]}
{[%emt 00:00:14]} 3. d4 {[%clk 01:31:39]} {[%emt 00:00:07]} cxd4 {[%clk
01:31:13]} {[%emt 00:00:06]} 4. Nxd4 {[%clk 01:32:03]} {[%emt 00:00:05]} Nf6
{[%clk 01:31:31]} {[%emt 00:00:12]} 5. Nc3 {[%clk 01:32:20]} {[%emt 00:00:13]}
Nc6 {[%clk 01:31:41]} {[%emt 00:00:21]} 6. Ndb5 {[%clk 01:32:11]} {[%emt
00:00:37]} Bc5 {[%clk 01:30:02]} {[%emt 00:02:11]} 7. Bf4 {[%clk 01:30:46]}
{[%emt 00:01:54]} e5 {[%clk 01:28:02]} {[%emt 00:02:31]} 8. Bg5 {[%clk
01:31:03]} {[%emt 00:00:12]} O-O {[%clk 01:16:45]} {[%emt 00:11:48]} 9. Nd6
{[%clk 01:28:25]} {[%emt 00:03:07]} Qb6 {[%clk 01:12:44]} {[%emt 00:04:27]} 10.
Bh4 {[%clk 01:20:32]} {[%emt 00:08:28]} Bxd6 {[%clk 00:49:55]} {[%emt
00:23:19]} 11. Bxf6 {[%clk 01:20:11]} {[%emt 00:00:51]} Qxb2 {[%clk 00:39:53]}
{[%emt 00:10:32]} 12. Nd5 {[%clk 01:14:03]} {[%emt 00:06:38]} Bb4+ {[%clk
00:38:40]} {[%emt 00:01:43]} 13. Nxb4 {[%clk 01:13:06]} {[%emt 00:01:27]} Qxb4+
{[%clk 00:38:56]} {[%emt 00:00:14]} 14. Ke2 {[%clk 01:12:09]} {[%emt 00:01:24]}
Qxe4+ {[%clk 00:38:32]} {[%emt 00:00:56]} 15. Kd2 {[%clk 01:12:12]} {[%emt
00:00:26]} Qf4+ {[%clk 00:38:38]} {[%emt 00:00:25]} 16. Ke1 {[%clk 01:12:28]}
{[%emt 00:00:14]} Qxf6 {[%clk 00:38:58]} {[%emt 00:00:11]} 17. Bd3 {[%clk
01:12:30]} {[%emt 00:00:27]} d5 {[%clk 00:38:58]} {[%emt 00:00:31]} 18. c3
{[%clk 01:10:51]} {[%emt 00:02:09]} e4 {[%clk 00:39:13]} {[%emt 00:00:15]} 19.
Bc2 {[%clk 01:10:44]} {[%emt 00:00:37]} Qxc3+ {[%clk 00:39:34]} {[%emt
00:00:09]} 20. Kf1 {[%clk 01:10:59]} {[%emt 00:00:13]} Nd4 {[%clk 00:39:42]}
{[%emt 00:00:24]} 21. Ba4 {[%clk 01:10:20]} {[%emt 00:01:09]} b6 {[%clk
00:39:25]} {[%emt 00:00:47]} 22. Rc1 {[%clk 01:09:05]} {[%emt 00:01:44]} Ba6+
{[%clk 00:39:41]} {[%emt 00:00:15]} 23. Kg1 {[%clk 01:09:10]} {[%emt 00:00:25]}
Qb4 {[%clk 00:39:11]} {[%emt 00:00:57]} 24. Rb1 {[%clk 01:09:05]} {[%emt
00:00:38]} Ne2+ {[%clk 00:38:31]} {[%emt 00:01:10]} 25. Qxe2 {[%clk 01:08:22]}
{[%emt 00:01:13]} Qxb1+ {[%clk 00:38:43]} {[%emt 00:00:18]} 26. Qd1 {[%clk
01:08:44]} {[%emt 00:00:07]} Qb4 {[%clk 00:38:43]} {[%emt 00:00:29]} 27. Bb3
{[%clk 01:09:02]} {[%emt 00:00:14]} Rad8 {[%clk 00:38:11]} {[%emt 00:01:01]}
28. h4 {[%clk 01:09:10]} {[%emt 00:00:22]} d4 {[%clk 00:37:35]} {[%emt
00:01:06]} 29. h5 {[%clk 01:09:32]} {[%emt 00:00:08]} h6 {[%clk 00:37:31]}
{[%emt 00:00:35]} 30. g4 {[%clk 01:09:52]} {[%emt 00:00:10]} Qc5 {[%clk
00:37:00]} {[%emt 00:01:00]} 31. Qb1 {[%clk 01:09:33]} {[%emt 00:00:49]} d3
{[%clk 00:36:27]} {[%emt 00:01:04]} 32. Qe1 {[%clk 01:09:36]} {[%emt 00:00:25]}
Bc4 {[%clk 00:36:02]} {[%emt 00:00:57]} 33. Bd1 {[%clk 01:09:35]} {[%emt
00:00:31]} Bxa2 {[%clk 00:33:18]} {[%emt 00:03:14]} 34. Qxe4 {[%clk 01:09:50]}
{[%emt 00:00:11]} Bd5 {[%clk 00:32:48]} {[%emt 00:01:04]} 35. Qxd3 {[%clk
01:09:21]} {[%emt 00:00:59]} Bxh1 {[%clk 00:32:13]} {[%emt 00:01:04]} 36. Qf5
{[%clk 01:09:44]} {[%emt 00:00:07]} 0-1

[Event "DEM U12w 2022"]
[Site "Willingen GER"]
[Date "2022.06.08"]
[Round "5"]
[White "Kutz, Ida Klara"]
[Black "Czäczine, Paula"]
[Result "1/2-1/2"]
[Termination "normal"]
[Board "4"]
[WhiteElo "1327"]
[BlackElo "1218"]
[WhiteClock "00:29:47"]
[BlackClock "00:19:49"]
[PlyCount "88"]
[WhiteFideId "16296257"]
[BlackFideId "16249305"]
[EventCountry "GER"]
[EventRounds "9"]
[EventType "swiss"]
[EventDate "2022.06.04"]

1. c4 {[%clk 01:30:53]} {[%emt 00:00:06]} e5 {[%clk 01:30:54]} {[%emt
00:00:07]} 2. Nc3 {[%clk 01:30:48]} {[%emt 00:00:34]} Nf6 {[%clk 01:31:13]}
{[%emt 00:00:11]} 3. Nf3 {[%clk 01:30:30]} {[%emt 00:00:48]} Nc6 {[%clk
01:31:34]} {[%emt 00:00:09]} 4. g3 {[%clk 01:29:57]} {[%emt 00:01:02]} d5
{[%clk 01:31:50]} {[%emt 00:00:15]} 5. cxd5 {[%clk 01:29:09]} {[%emt 00:01:17]}
Nxd5 {[%clk 01:32:10]} {[%emt 00:00:10]} 6. Bg2 {[%clk 01:29:10]} {[%emt
00:00:29]} Nb6 {[%clk 01:32:30]} {[%emt 00:00:11]} 7. O-O {[%clk 01:28:47]}
{[%emt 00:00:52]} Be7 {[%clk 01:32:45]} {[%emt 00:00:16]} 8. d3 {[%clk
01:27:41]} {[%emt 00:01:34]} O-O {[%clk 01:32:51]} {[%emt 00:00:26]} 9. Ne4
{[%clk 01:27:01]} {[%emt 00:01:09]} Kh8 {[%clk 01:26:32]} {[%emt 00:06:50]} 10.
Rb1 {[%clk 01:21:00]} {[%emt 00:06:32]} f5 {[%clk 01:21:37]} {[%emt 00:05:25]}
11. Ned2 {[%clk 01:18:49]} {[%emt 00:02:41]} Be6 {[%clk 01:19:43]} {[%emt
00:02:23]} 12. b3 {[%clk 01:17:31]} {[%emt 00:01:48]} Bd6 {[%clk 01:14:48]}
{[%emt 00:05:24]} 13. Bb2 {[%clk 01:15:15]} {[%emt 00:02:47]} Qe7 {[%clk
01:11:09]} {[%emt 00:04:09]} 14. Nc4 {[%clk 01:13:34]} {[%emt 00:02:11]} Nxc4
{[%clk 01:10:56]} {[%emt 00:00:44]} 15. bxc4 {[%clk 01:12:58]} {[%emt
00:01:05]} Bg8 {[%clk 01:05:39]} {[%emt 00:05:46]} 16. Rc1 {[%clk 01:11:29]}
{[%emt 00:02:00]} Rad8 {[%clk 00:55:04]} {[%emt 00:11:05]} 17. d4 {[%clk
01:08:37]} {[%emt 00:03:23]} e4 {[%clk 00:52:03]} {[%emt 00:03:30]} 18. c5
{[%clk 01:05:18]} {[%emt 00:03:49]} exf3 {[%clk 00:41:10]} {[%emt 00:11:23]}
19. cxd6 {[%clk 01:03:38]} {[%emt 00:02:10]} fxe2 {[%clk 00:40:17]} {[%emt
00:01:23]} 20. dxe7 {[%clk 01:02:37]} {[%emt 00:01:31]} exd1=Q {[%clk
00:40:24]} {[%emt 00:00:23]} 21. exd8=Q {[%clk 01:01:52]} {[%emt 00:01:14]}
Qxf1+ {[%clk 00:40:37]} {[%emt 00:00:17]} 22. Kxf1 {[%clk 01:01:37]} {[%emt
00:00:45]} Rxd8 {[%clk 00:39:17]} {[%emt 00:01:51]} 23. Bxc6 {[%clk 01:01:28]}
{[%emt 00:00:39]} bxc6 {[%clk 00:39:38]} {[%emt 00:00:09]} 24. Rxc6 {[%clk
01:01:29]} {[%emt 00:00:28]} Bxa2 {[%clk 00:39:15]} {[%emt 00:00:54]} 25. Rxc7
{[%clk 01:01:09]} {[%emt 00:00:50]} a6 {[%clk 00:37:49]} {[%emt 00:01:56]} 26.
Rc5 {[%clk 00:51:35]} {[%emt 00:09:57]} Bd5 {[%emt 00:07:16]} 27. Ra5 {[%clk
00:50:19]} Kg8 {[%clk 00:31:17]} {[%emt 00:02:09]} 28. Ke1 {[%clk 00:49:39]}
{[%emt 00:01:10]} Re8+ {[%clk 00:26:49]} {[%emt 00:04:58]} 29. Kd2 {[%clk
00:48:53]} {[%emt 00:01:15]} Bb7 {[%clk 00:26:24]} {[%emt 00:00:56]} 30. Rxf5
{[%clk 00:47:50]} {[%emt 00:01:32]} Rf8 {[%clk 00:26:32]} {[%emt 00:00:21]} 31.
Rxf8+ {[%clk 00:47:08]} {[%emt 00:01:13]} Kxf8 {[%clk 00:26:56]} {[%emt
00:00:06]} 32. Kc3 {[%clk 00:45:19]} {[%emt 00:02:19]} Ke7 {[%clk 00:25:48]}
{[%emt 00:01:39]} 33. Kc4 {[%clk 00:43:51]} {[%emt 00:01:58]} Ke6 {[%clk
00:23:54]} {[%emt 00:02:24]} 34. Kc5 {[%clk 00:42:53]} {[%emt 00:01:28]} g6
{[%clk 00:21:14]} {[%emt 00:03:10]} 35. Kb6 {[%clk 00:37:57]} {[%emt 00:05:26]}
Bc8 {[%clk 00:21:30]} {[%emt 00:00:13]} 36. Kc7 {[%clk 00:37:41]} {[%emt
00:00:47]} Bd7 {[%clk 00:21:46]} {[%emt 00:00:14]} 37. d5+ {[%clk 00:37:14]}
{[%emt 00:00:57]} Ke7 {[%clk 00:22:04]} {[%emt 00:00:11]} 38. Bf6 {[%clk
00:35:12]} {[%emt 00:02:33]} Ke8 {[%clk 00:21:56]} {[%emt 00:00:37]} 39. d6
{[%clk 00:34:09]} {[%emt 00:01:34]} Bb5 {[%clk 00:21:02]} {[%emt 00:01:24]} 40.
f4 {[%clk 00:33:06]} {[%emt 00:01:33]} h5 {[%clk 00:19:20]} {[%emt 00:02:11]}
41. h3 {[%clk 00:31:55]} {[%emt 00:01:42]} Bd7 {[%clk 00:19:19]} {[%emt
00:00:31]} 42. Kb6 {[%clk 00:30:14]} {[%emt 00:02:10]} Bxh3 {[%clk 00:19:33]}
{[%emt 00:00:16]} 43. Kxa6 {[%clk 00:30:14]} {[%emt 00:00:31]} Kd7 {[%clk
00:19:51]} {[%emt 00:00:12]} 44. Be5 {[%clk 00:29:47]} {[%emt 00:00:56]} Bf5
{[%clk 00:19:49]} {[%emt 00:00:32]} 1/2-1/2